Szczegóły MARC21

Das Buch des Vaters : Roman /

001 -Numer kontrolny rekordu [,]
    • @
    • pole kontrolne
    • xx005490430
003 -Nazwa instytucji [,]
    • @
    • pole kontrolne
    • NUKAT
005 -Data i czas ostatniej zmiany [,]
    • @
    • Data ostatniej zmiany
    • 20241231112215.0
007 -Forma fizyczna dokumentu dźwiękowego [,]
    • @
    • Forma fizyczna dokumentu dźwiękowego
    • sd fsngnn|||ed
008 -Pole stałej długości [,]
    • @
    • pole
    • 230120s2008 sz nnnng f n ger c
020 -Międzynarodowy znormalizowany numer książki - ISBN [ , ]
    • a
    • Numer ISBN
    • 9783257802016 Find
035 -Inne numery kontrolne [ , ]
    • a
    • Numer kontrolny
    • (OCoLC)1369094474
040 -Instytucja sporządzająca opis [ , ]
    • c
    • Instytucja, która sporządziła rekord (NP)
    • SZCZ U/KPs
920 -ISBN [ , ]
    • a
    • ISBN
    • 978-3-257-80201-6 Find
942 -Rodzaj dokumentu [ , ]
    • c
    • Rodzaj dokumentu
    • Dokument Dźwiękowy - płyta
100 -Hasło główne - nazwa osobowa [1, ]
    • a
    • Nazwa osobowa (NP)
    • Widmer, Urs
    • d
    • Daty biograficzne (NP)
    • (1938-2014).
    • e
    • RRodzaj współpracy
    • Autor
    • e
    • RRodzaj współpracy
    • Wykonanie
245 -Strefa tytułu i oznaczenia odpowiedzialności [1,4]
    • a
    • Tytuł
    • Das Buch des Vaters :
    • b
    • Ciąg dalszy tytułu (NP)
    • Roman /
    • c
    • Pozostałe elementy strefy tytułu i oznaczenia odpowiedzialności (NP)
    • Urs Widmer ; gelesen von Urs Widmer ; Regie Marie Brach.
250 -Strefa wydania [ , ]
    • a
    • Oznaczenie wydania (NP)
    • Ungekürzte Autorenlesung.
260 -Strefa adresu wydawniczego [ , ]
    • a
    • Miejsce wydania (P)
    • Zürich :
    • b
    • Nazwa wydawcy (P)
    • Diogenes,
    • c
    • Data wydania (P)
    • copyright 2008.
300 -Strefa opisu fizycznego [ , ]
    • a
    • Określenie formy książki i/lub objętość (NP)
    • 6 płyt CD (428 min.) :
    • b
    • Inne szczegóły opisu fizycznego (NP)
    • digital, stereo ;
    • c
    • Format (NP)
    • 12 cm +
    • e
    • Oznaczenie dokumentu towarzyszącego (NP)
    • broszura : [4] strony ; 12x12 cm.
306 -Czas nagrania [ , ]
    • a
    • Czas nagrania
    • 070800
336 -Typ zawartości [ , ]
    • a
    • Termin określający typ nośnika
    • Słowo mówione
    • b
    • Kod określający zawartość
    • spw
    • 2
    • Źródło (termin i kod)
    • rdacontent
337 -Typ mediów [ , ]
    • a
    • Tryb odtwarzania
    • Audio
    • b
    • Kod typu nośnika
    • s
    • 2
    • Źródło (termin i kod)
    • rdamedia
338 -Typ/rodzaj nośnika [ , ]
    • a
    • Hasło opisujące typ nośnika
    • Płyta audio
    • b
    • Kod typu nośnika
    • sd
    • 2
    • Źródło (termin i kod)
    • rdacarrier
490 -Strefa serii i książki wielotomowej - forma nie do wyszukiwania [0, ]
    • a
    • Tytuł (P)
    • Diogenes Hörbuch
830 -Hasło dodatkowe serii i opisu książki wielotomowej - tytuł ujednolicony/tytuł [ ,0]
    • a
    • Tytuł ujednolicony/tytuł (NP)
    • Diogenes-Hörbuch
650 -Hasło przedmiotowe - nazwa pospolita [ ,7]
    • a
    • Hasło przedmiotowe
    • Książki mówione
    • z
    • Określnik geograficzny
    • Szwajcaria
    • y
    • Określnik chronologiczny
    • 1990-.
655 -Hasło przedmiotowe - forma [ ,7]
    • a
    • Określenie rzeczowe
    • Powieść szwajcarska w języku niemieckim
    • y
    • Określnik chronologiczny
    • 1945-.
700 -Hasło dodatkowe - nazwa osobowa [1, ]
    • a
    • Nazwa osobowa (NP)
    • Brach, Marie.
    • e
    • Określenie rodzaju współpracy (NP)
    • Reżyseria nagrania
710 -Hasło dodatkowe - nazwa ciała zbiorowego [2, ]
    • a
    • Nazwa ciała zbiorowego lub nazwa geograficzna jako pierwszy element (NP)
    • Diogenes Verlag.
    • e
    • Rodzaj współpracy
    • Wydawca
    • 9
    • KHW
    • 429412
Status udostępniania Akcesja Sygnatura Data wprowadzenia opisu Kod kreskowy Sposób nabycia Kierowanie Data inwentaryzacji Numer inwentarzowy Cena
-322d090/2Germ. Audiobooki 092022-02-022005020029992dBM2023-02-14Ad.299910.00